|
|
|
|
| LEADER |
01300nam a2200301 a 4500 |
| 001 |
1413 |
| 003 |
BD-DhAAL |
| 005 |
20150218123540.0 |
| 008 |
150218s1994 nyuab b 001 0 eng |
| 010 |
|
|
|a 93026167
|
| 020 |
|
|
|a 0070194343 (recycled, acidfree paper) :
|c $24.95
|
| 040 |
|
|
|a DLC
|c DLC
|d DLC
|d BD-DhAAL
|
| 050 |
0 |
0 |
|a HG5430.7.A3
|b E53 1994
|
| 082 |
0 |
0 |
|a 332.6/73/0947
|2 20
|
| 100 |
1 |
|
|a Engholm, Christopher.
|9 8642
|
| 245 |
1 |
4 |
|a The other Europe :
|b a complete guide to business opportunities in Eastern Europe /
|c Christopher Engholm.
|
| 260 |
|
|
|a New York :
|b McGraw-Hill,
|c c1994.
|
| 300 |
|
|
|a xiv, 361 p. :
|b ill., maps ;
|c 24 cm.
|
| 504 |
|
|
|a Includes bibliographical references (p. 341-354) and index.
|
| 541 |
|
|
|e 1413
|
| 650 |
|
0 |
|a Investments, American
|z Europe, Eastern.
|9 8643
|
| 650 |
|
0 |
|a International business enterprises
|z United States
|x Management.
|9 8644
|
| 650 |
|
0 |
|a International business enterprises
|z Europe, Eastern
|x Management
|9 8645
|
| 650 |
|
0 |
|a Corporations, American
|z Europe, Eastern.
|9 8646
|
| 651 |
|
0 |
|a Europe, Eastern
|x Economic policy.
|9 8212
|
| 942 |
|
|
|2 ddc
|c BK
|
| 999 |
|
|
|c 33754
|d 33754
|
| 952 |
|
|
|0 0
|1 0
|2 ddc
|4 0
|6 332_673094700000000_ENG
|7 0
|9 52715
|a SCL
|b SCL
|c GEN
|d 2015-02-18
|e Gift: The Asia Foundation
|l 0
|o 332.6730947 ENG
|p 3020001413
|r 2015-02-18
|t 1
|w 2015-02-18
|y BK
|